Európska rada pre systémové riziko a riadenie úverového rizika bakalárska práca

Salvato in:
Dettagli Bibliografici
Autore principale: Gažiová, Erika
Ente Autore: Národohospodárska fakulta EU. Katedra bankovníctva a medzinárodných financií
Altri autori: Šturc, Boris, 1961-
Natura: Libro
Lingua:slovacco
Pubblicazione: Bratislava 2015
Tags: Aggiungi Tag
Nessun Tag, puoi essere il primo ad aggiungerne!!

MARC

LEADER 00000nbm a2200000 4500
001 0205118
005 20170306143752.1
041 0 |a slo 
044 |a SK 
245 1 0 |a Európska rada pre systémové riziko a riadenie úverového rizika  |b bakalárska práca  |c Erika Gažiová ; školiteľ: Boris Šturc 
264 1 |a Bratislava  |c 2015 
300 |a 55 s. 
100 1 |a Gažiová, Erika 
700 1 |a Šturc, Boris, 1961- 
710 2 |a Národohospodárska fakulta EU. Katedra bankovníctva a medzinárodných financií